Нормален изглед
MARC изглед
- Дворжак, Антонин
Вход 01. Лично име
001 - Контролен номер на записа
- Контролно поле: 59121
003 - Код на организацията, даваща контролен номер
- Контролно поле: BLK
005 - Дата и час на последна промяна на записа
- Контролно поле: 20240826094035.0
008 - Данни с фиксирана дължина – обща информация
- Данни с фиксирана дължина : 180403n| acnz|abbn | aba d
100 1# - ИМЕ НА ЛИЦЕ -ПЪРВИЧНА ИНТЕЛЕКТУАЛНА ОТГОВОРНОСТ
- Лично име: Дворжак, Антонин
- Дати, свързани с автора: 1841 - 1904
- Пълна форма на името: Дворжак, Антонин Леополд
372 ## - Сфера на дейност
- Сфера на дейност: Чешки композитор
942 ## - Системна служебна употреба
- Koha auth type: PERSO_NAME